[Event "Hannover Bezirks op"]
[Site "Hannover"]
[Date "2019.03.02"]
[Round "3.6"]
[White "Pirker, Franz"]
[Black "Zweigait, Bjoern"]
[Result "0-1"]
[WhiteElo "1196"]
[BlackElo "1692"]
[PlyCount "58"]
[EventDate "2019.01.19"]
[EventType "swiss"]
[EventRounds "7"]
[EventCountry "GER"]
[SourceTitle "EXT 2023"]
[Source "ChessBase"]
[SourceDate "2022.10.05"]
[SourceVersion "1"]
[SourceVersionDate "2022.10.05"]
[SourceQuality "1"]

1. g3 d5 2. b3 c5 3. Nf3 Nc6 4. d4 g6 5. e3 Bg7 6. c4 Bg4 7. Bg2 dxc4 8. bxc4 cxd4 9. Qb3 dxe3 10. Qxb7 exf2+ 11. Kxf2 Qb6+ 12. Qxb6 axb6 13. Ne5 Nxe5 14. Bxa8 Nd3+ 15. Ke3 Nxc1 16. Nd2 Bh6+ 17. Kd4 Bxd2 18. Rhxc1 Bxc1 19. Rxc1 Kd7 20. Rb1 Nf6 21. Be4 Nxe4 22. Rxb6 Nd6 23. c5 Nf5+ 24. Ke5 Bf3 25. Kf4 Bd5 26. a4 Ra8 27. Ke5 Rxa4 28. c6+ Bxc6 29. Ra6 Re4# 0-1

[Event "Hannover Bezirks op"]
[Site "Hannover"]
[Date "2019.02.16"]
[Round "2.6"]
[White "Von Mettenheim, Johannes"]
[Black "Pirker, Franz"]
[Result "1-0"]
[WhiteElo "1689"]
[BlackElo "1196"]
[PlyCount "51"]
[EventDate "2019.01.19"]
[EventType "swiss"]
[EventRounds "7"]
[EventCountry "GER"]
[SourceTitle "EXT 2023"]
[Source "ChessBase"]
[SourceDate "2022.10.05"]
[SourceVersion "1"]
[SourceVersionDate "2022.10.05"]
[SourceQuality "1"]

1. d4 d5 2. c4 Nf6 3. cxd5 Nxd5 4. e4 Nf6 5. Nc3 Bg4 6. Qb3 b6 7. Bc4 e6 8. h3 Qxd4 9. Be3 Qd8 10. hxg4 Nxg4 11. Bxe6 Ne5 12. Rd1 Bd6 13. f4 Qe7 14. fxe5 Bxe5 15. Qd5 0-0 16. Qxa8 Qxe6 17. Qd5 Qf6 18. Nge2 c6 19. Qd2 h6 20. Nd4 Bg3+ 21. Bf2 Bf4 22. Qe2 Nd7 23. g3 Be5 24. 0-0 Qg6 25. Nf5 Qg5 26. Rxd7 1-0

[Event "Hannover Bezirks op"]
[Site "Hannover"]
[Date "2018.02.10"]
[Round "2.8"]
[White "Pirker, Franz"]
[Black "Juerke, Uwe"]
[Result "0-1"]
[WhiteElo "1209"]
[BlackElo "1764"]
[PlyCount "125"]
[EventDate "2018.01.27"]
[EventType "swiss"]
[EventRounds "7"]
[EventCountry "GER"]
[SourceTitle "EXT 2022"]
[Source "ChessBase"]
[SourceDate "2021.10.06"]
[SourceVersion "1"]
[SourceVersionDate "2021.10.06"]
[SourceQuality "1"]

1. e4 d6 2. d4 Nf6 3. Nc3 g6 4. d5 c6 5. Be2 Bg7 6. Nf3 0-0 7. 0-0 cxd5 8. Nxd5 Nxd5 9. exd5 a6 10. c3 b5 11. a4 bxa4 12. Qxa4 Nd7 13. Qh4 e5 14. Ng5 h6 15. Nf3 Qxh4 16. Nxh4 Nb6 17. Rd1 Bb7 18. c4 Nd7 19. g3 Rfc8 20. b3 Nc5 21. Rb1 Rcb8 22. Ba3 Ne4 23. Bb2 Bc8 24. Ba1 Rb4 25. f3 Nc5 26. Bc3 Rxb3 27. Rxb3 Nxb3 28. Bb4 Bf8 29. Rb1 Nd4 30. Bd1 Rb8 31. Rb2 a5 32. Bc3 Rxb2 33. Bxb2 Ba6 34. Bxd4 exd4 35. Ng2 Bxc4 36. Ba4 Bxd5 37. Nf4 Bxf3 38. Kf2 Be4 39. Bb5 Be7 40. Bd3 Bxd3 41. Nxd3 a4 42. Ke2 a3 43. Nb4 d5 44. Na2 f5 45. Kd3 Bc5 46. Nc1 Kf7 47. Na2 Bb6 48. Nc1 Ke6 49. Na2 Bc5 50. Nc1 Ke5 51. Nb3 Bb6 52. Nc1 g5 53. Na2 Bc5 54. Nc1 g4 55. Kc2 Ke4 56. Nd3 Bd6 57. Nf2+ Ke3 58. Nd3 a2 59. Nf4 a1Q 60. Nxd5+ Ke4 61. Nf6+ Ke5 62. Nd7+ Ke6 63. Nb6 0-1

[Event "Daehne Cup Region 16/17 qual V+"]
[Site "Hannover"]
[Date "2017.07.20"]
[Round "4"]
[White "Jakubovics, Joerg"]
[Black "Pirker, Franz"]
[Result "1-0"]
[WhiteElo "1404"]
[BlackElo "1184"]
[PlyCount "143"]
[EventDate "2017.07.13"]
[EventType "swiss"]
[EventRounds "5"]
[EventCountry "GER"]
[SourceTitle "EXT 2022"]
[Source "ChessBase"]
[SourceDate "2021.10.06"]
[SourceVersion "1"]
[SourceVersionDate "2021.10.06"]
[SourceQuality "1"]

1. e4 e5 2. Nf3 d5 3. d3 dxe4 4. dxe4 Qxd1+ 5. Kxd1 Bd6 6. Bc4 h6 7. Nc3 Be6 8. Bxe6 fxe6 9. Be3 Nc6 10. a3 0-0-0 11. Ke2 b6 12. Rad1 Nf6 13. h3 Na5 14. Nd2 Nb7 15. Nb3 Nc5 16. Nxc5 Bxc5 17. Bxc5 bxc5 18. f3 c6 19. Na4 c4 20. Nc5 Rhe8 21. Rxd8+ Kxd8 22. Kd2 Kc7 23. Kc3 Nd7 24. Nxd7 Kxd7 25. Kxc4 Rb8 26. b3 Ke7 27. Rd1 c5 28. Rd2 Rc8 29. Kb5 a6+ 30. Kxa6 Ra8+ 31. Kb5 Rxa3 32. Kxc5 Ra5+ 33. Kb6 Ra8 34. Kb5 Rb8+ 35. Kc4 Rc8+ 36. Kb4 Rb8+ 37. Ka3 Kf6 38. c4 Kg5 39. g3 Kf6 40. b4 Rf8 41. c5 Ke7 42. Rd3 Ra8+ 43. Kb3 Ra1 44. Kc4 Rc1+ 45. Rc3 Rd1 46. b5 Rd4+ 47. Kb3 Rd1 48. b6 Rb1+ 49. Kc4 Kd7 50. Rd3+ Kc6 51. Rd6+ Kb7 52. Rxe6 Rc1+ 53. Kb4 Rb1+ 54. Ka3 Rd1 55. Kb2 Rd2+ 56. Kc1 Rd3 57. Re7+ Kc6 58. Rc7+ Kb5 59. b7 Rxf3 60. b8Q+ Kc4 61. Rb7 Rc3+ 62. Kb2 Rxg3 63. Rb4+ Kd3 64. Rb3+ Kxe4 65. Rxg3 g5 66. Qb7+ Kf5 67. Rg4 Ke6 68. Kc3 Kf6 69. Kd3 h5 70. Rg3 g4 71. Ke4 h4 72. Rxg4 1-0

[Event "Hannover Bezirks op"]
[Site "Hannover"]
[Date "2017.05.20"]
[Round "7.13"]
[White "Mumm, Karen"]
[Black "Pirker, Franz"]
[Result "1-0"]
[WhiteElo "1623"]
[BlackElo "1219"]
[PlyCount "45"]
[EventDate "2017.01.21"]
[EventType "swiss"]
[EventRounds "7"]
[EventCountry "GER"]
[SourceTitle "EXT 2022"]
[Source "ChessBase"]
[SourceDate "2021.10.06"]
[SourceVersion "1"]
[SourceVersionDate "2021.10.06"]
[SourceQuality "1"]

1. e4 e5 2. Nf3 Nf6 3. Nxe5 Nxe4 4. d4 d6 5. Nf3 Qe7 6. Be2 Nc6 7. 0-0 Be6 8. d5 Bxd5 9. Qxd5 0-0-0 10. Be3 Nf6 11. Qd1 Re8 12. Nc3 Qd8 13. Nd4 Nxd4 14. Qxd4 c5 15. Qa4 Re7 16. Qxa7 Kd7 17. Qxb7+ Ke6 18. Bc4+ Kf5 19. Qf3+ Kg6 20. Bd3+ Ne4 21. Qg4+ Kf6 22. Nd5+ Ke5 23. Qxe4# 1-0

[Event "Hannover Bezirks op"]
[Site "Hannover"]
[Date "2017.05.03"]
[Round "6.13"]
[White "Pirker, Franz"]
[Black "Piotrowski, Jan"]
[Result "0-1"]
[WhiteElo "1219"]
[BlackElo "1475"]
[PlyCount "122"]
[EventDate "2017.01.21"]
[EventType "swiss"]
[EventRounds "7"]
[EventCountry "GER"]
[SourceTitle "EXT 2022"]
[Source "ChessBase"]
[SourceDate "2021.10.06"]
[SourceVersion "1"]
[SourceVersionDate "2021.10.06"]
[SourceQuality "1"]

1. g3 d5 2. b3 e5 3. e3 Nf6 4. c4 c6 5. Ba3 Be7 6. Nf3 Bg4 7. Be2 e4 8. Nh4 Bxe2 9. Qxe2 Bxa3 10. Nxa3 0-0 11. 0-0 d4 12. Nc2 d3 13. Qd1 dxc2 14. Qxc2 Qd3 15. Qb2 c5 16. Ng2 Nc6 17. Nf4 Qd7 18. Rad1 Rad8 19. d3 Qe7 20. dxe4 Rxd1 21. Rxd1 Nxe4 22. Nd5 Qe5 23. Qa3 Rd8 24. Kg2 Nf6 25. Qxc5 Nxd5 26. cxd5 Qd6 27. Qc4 Ne5 28. Qe4 Ng6 29. Qd4 b6 30. f4 Ne7 31. e4 f5 32. e5 Qxd5+ 33. Qxd5+ Rxd5 34. Rc1 Rd2+ 35. Kf3 Rxa2 36. g4 fxg4+ 37. Kxg4 Rxh2 38. Rc7 Kf7 39. Rxa7 h5+ 40. Kg5 g6 41. Rd7 Ke6 42. Rd6+ Kf7 43. e6+ Kg7 44. Rd7 Rg2+ 45. Kh4 Rg4+ 46. Kh3 Kf6 47. Rd6 Rxf4 48. Rxb6 Re4 49. Rb8 Rxe6 50. Rf8+ Kg5 51. Kg3 Re3+ 52. Kf2 Rxb3 53. Rf7 Nf5 54. Rd7 h4 55. Rd1 Kf4 56. Ke2 g5 57. Rf1+ Kg4 58. Rg1+ Ng3+ 59. Kf2 h3 60. Rd1 Rf3+ 61. Ke1 Rf1+ 0-1

[Event "Daehne Cup Region 15/16 VII"]
[Site "Hannover"]
[Date "2016.06.30"]
[Round "1"]
[White "Pirker, Franz"]
[Black "Rannefeld, Olaf"]
[Result "0-1"]
[WhiteElo "1159"]
[BlackElo "1828"]
[PlyCount "87"]
[EventDate "2016.06.30"]
[EventType "k.o."]
[EventRounds "5"]
[EventCountry "GER"]
[SourceTitle "EXT 2022"]
[Source "ChessBase"]
[SourceDate "2021.10.06"]
[SourceVersion "1"]
[SourceVersionDate "2021.10.06"]
[SourceQuality "1"]

1. e4 d6 2. d3 g6 3. g3 Nf6 4. Bh3 Bg7 5. Nf3 Bxh3 6. Ng5 Bd7 7. Be3 h6 8. Nf3 c5 9. c4 Ng4 10. Qd2 Nc6 11. Nc3 e6 12. Bf4 Nge5 13. Nxe5 Nxe5 14. Qe2 Qa5 15. Bd2 Qc7 16. 0-0 a6 17. f4 Nc6 18. Rac1 Nd4 19. Qf2 0-0 20. g4 b5 21. b3 f5 22. Ne2 fxg4 23. Nxd4 Bxd4 24. Be3 e5 25. Bxd4 exd4 26. Qh4 Kg7 27. h3 Qd8 28. Qg3 gxh3 29. Rce1 Qf6 30. e5 Qf5 31. exd6 Qg4 32. Re7+ Rf7 33. Rxf7+ Kxf7 34. Rf3 bxc4 35. dxc4 Re8 36. Kf2 Qxg3+ 37. Rxg3 Re3 38. Rg1 Bc6 39. Rb1 h2 40. b4 cxb4 41. Rxb4 h1Q 42. c5 Qf3+ 43. Kg1 Re1+ 44. Kh2 0-1

[Event "Hannover Region-ch"]
[Site "Hannover"]
[Date "2016.02.06"]
[Round "3"]
[White "Poschadel, Andreas Gregor"]
[Black "Pirker, Franz"]
[Result "1-0"]
[WhiteElo "1222"]
[BlackElo "1258"]
[PlyCount "77"]
[EventDate "2016.01.16"]
[EventType "swiss"]
[EventRounds "7"]
[EventCountry "GER"]
[SourceTitle "EXT 2020"]
[Source "ChessBase"]
[SourceDate "2019.10.17"]
[SourceVersion "1"]
[SourceVersionDate "2019.10.17"]
[SourceQuality "1"]

1. e4 e5 2. Nf3 d6 3. Nc3 Nf6 4. Be2 g6 5. 0-0 Be6 6. d3 c5 7. Qd2 Qd7 8. b3 Nc6 9. Bb2 h5 10. Nd1 Bh6 11. Ne3 0-0-0 12. a3 Bh3 13. Kh1 Be6 14. b4 b6 15. bxc5 bxc5 16. Bc3 Qc7 17. Rab1 d5 18. exd5 Rxd5 19. Nxd5 Bxd2 20. Nxc7 Kxc7 21. Bxd2 Rd8 22. Bg5 Rd6 23. Rb2 Nd5 24. Bd2 Bc8 25. Ng5 f6 26. Ne4 Rd7 27. c4 Nf4 28. Bxf4 exf4 29. Nxc5 Rd6 30. Bf3 Ne5 31. Be2 Nd7 32. Nxd7 Bxd7 33. Rfb1 Bc6 34. h3 g5 35. Bf1 h4 36. Re1 f5 37. Re7+ Kd8 38. Rxa7 g4 39. Rb8# 1-0

[Event "Hannover Region-ch"]
[Site "Hannover"]
[Date "2016.01.16"]
[Round "1"]
[White "Dannenberg, Heiner"]
[Black "Pirker, Franz"]
[Result "1-0"]
[WhiteElo "1802"]
[BlackElo "1258"]
[PlyCount "55"]
[EventDate "2016.01.16"]
[EventType "swiss"]
[EventRounds "7"]
[EventCountry "GER"]
[SourceTitle "EXT 2020"]
[Source "ChessBase"]
[SourceDate "2019.10.17"]
[SourceVersion "1"]
[SourceVersionDate "2019.10.17"]
[SourceQuality "1"]

1. d4 d5 2. Nf3 c6 3. Bf4 h6 4. e3 Bf5 5. Bd3 e6 6. c3 Bd6 7. Ne5 Bxe5 8. Bxe5 Nf6 9. Bxf5 exf5 10. Qf3 g6 11. g4 Rg8 12. gxf5 Ne4 13. fxg6 Rxg6 14. Nd2 Ng5 15. Qe2 Ne4 16. Nxe4 dxe4 17. 0-0-0 Nd7 18. Bf4 c5 19. dxc5 Qa5 20. b4 Qa3+ 21. Qb2 Qa4 22. Rd4 Qb5 23. Rxe4+ Kd8 24. c4 Qc6 25. Qh8+ Nf8 26. Rd1+ Rd6 27. Qxf8+ Kd7 28. Re7# 1-0

[Event "Hannover Region-ch"]
[Site "Hannover"]
[Date "2015.03.07"]
[Round "6"]
[White "Pirker, Franz"]
[Black "Meier, Detlef"]
[Result "0-1"]
[WhiteElo "1281"]
[BlackElo "1666"]
[PlyCount "76"]
[EventDate "2015.01.10"]
[EventType "swiss"]
[EventRounds "7"]
[EventCountry "GER"]
[SourceTitle "EXT 2021"]
[Source "ChessBase"]
[SourceDate "2020.10.23"]
[SourceVersion "1"]
[SourceVersionDate "2020.10.23"]
[SourceQuality "1"]

1. Nf3 c5 2. d4 cxd4 3. Nxd4 Nf6 4. e3 Nc6 5. c4 e6 6. Be2 Bb4+ 7. Bd2 Bxd2+ 8. Qxd2 d5 9. Nc3 dxc4 10. Bxc4 Nxd4 11. Qxd4 Qxd4 12. exd4 a6 13. Rd1 b5 14. Be2 Bb7 15. 0-0 Rc8 16. f3 Ke7 17. Rfe1 Rhd8 18. d5 Nxd5 19. Nxd5+ Bxd5 20. Bf1 Rc2 21. Re2 Rxe2 22. Bxe2 Bxa2 23. Ra1 Rd2 24. Rxa2 Rxe2 25. Kf1 Rc2 26. Rxa6 Rxb2 27. Ra7+ Kf6 28. Rb7 b4 29. h3 b3 30. g3 Rb1+ 31. Kf2 b2 32. h4 Rh1 33. Kg2 b1Q 34. Rxb1 Rxb1 35. Kf2 Ke5 36. Ke3 Rb3+ 37. Ke2 Kd4 38. g4 Rb2+ 0-1

[Event "Hannover Region-ch"]
[Site "Hannover"]
[Date "2015.02.07"]
[Round "3"]
[White "Simon, Georg"]
[Black "Pirker, Franz"]
[Result "1-0"]
[WhiteElo "1593"]
[BlackElo "1281"]
[PlyCount "55"]
[EventDate "2015.01.10"]
[EventType "swiss"]
[EventRounds "7"]
[EventCountry "GER"]
[SourceTitle "EXT 2021"]
[Source "ChessBase"]
[SourceDate "2020.10.23"]
[SourceVersion "1"]
[SourceVersionDate "2020.10.23"]
[SourceQuality "1"]

1. e4 e5 2. d4 d6 3. Nf3 Nc6 4. Bb5 Bd7 5. d5 Nd4 6. Nxd4 exd4 7. Bxd7+ Qxd7 8. Qxd4 c5 9. dxc6 Qxc6 10. Nc3 Be7 11. f4 Bf6 12. e5 dxe5 13. fxe5 Rd8 14. Qe3 Bh4+ 15. Kf1 Qc4+ 16. Qe2 Qxe2+ 17. Kxe2 Ne7 18. g3 Bxg3 19. hxg3 0-0 20. Bg5 Rd4 21. Bxe7 Re8 22. Ke3 Rg4 23. Kf3 h5 24. Rxh5 Rd4 25. Rah1 f6 26. e6 g6 27. Rh8+ Kg7 28. R1h7# 1-0

[Event "Hannover Region-ch"]
[Site "Hannover"]
[Date "2014.04.26"]
[Round "7"]
[White "Pirker, Franz"]
[Black "Schramm, Christian"]
[Result "1-0"]
[WhiteElo "1308"]
[BlackElo "1431"]
[PlyCount "58"]
[EventDate "2014.02.01"]
[EventType "swiss"]
[EventRounds "7"]
[EventCountry "GER"]
[SourceTitle "EXT 2021"]
[Source "ChessBase"]
[SourceDate "2020.10.23"]
[SourceVersion "1"]
[SourceVersionDate "2020.10.23"]
[SourceQuality "1"]

1. e4 c5 2. Nf3 d6 3. a3 Nf6 4. Nc3 Nc6 5. Bc4 Na5 6. Bb5+ Bd7 7. Qe2 a6 8. Bxd7+ Qxd7 9. e5 dxe5 10. Nxe5 Qc7 11. 0-0 e6 12. d3 Bd6 13. Ng4 Nd7 14. Nd5 Qc6 15. c4 0-0 16. Nc3 Rae8 17. Ne4 Bb8 18. Bd2 Qc7 19. g3 f5 20. Ng5 fxg4 21. Qxg4 Rf6 22. Qh5 Nf8 23. Qxe8 Nc6 24. Rae1 Nd4 25. Bc3 e5 26. Re4 h6 27. Bxd4 cxd4 28. Rxe5 hxg5 29. Re7 Re6 1-0

[Event "Hannover Region-ch"]
[Site "Hannover"]
[Date "2014.02.01"]
[Round "1"]
[White "Stummeyer, Dieter"]
[Black "Pirker, Franz"]
[Result "1-0"]
[WhiteElo "1886"]
[BlackElo "1308"]
[PlyCount "67"]
[EventDate "2014.02.01"]
[EventType "swiss"]
[EventRounds "7"]
[EventCountry "GER"]
[SourceTitle "EXT 2021"]
[Source "ChessBase"]
[SourceDate "2020.10.23"]
[SourceVersion "1"]
[SourceVersionDate "2020.10.23"]
[SourceQuality "1"]

1. e4 e5 2. Nf3 d6 3. d4 exd4 4. Nxd4 c5 5. Nf3 g6 6. Bf4 Nf6 7. Nc3 Nh5 8. Bg5 Be7 9. Bh6 Bf8 10. Bxf8 Rxf8 11. Bb5+ Nc6 12. Qd2 a6 13. Bxc6+ bxc6 14. 0-0-0 Be6 15. Qxd6 Bd7 16. Ne5 Nf6 17. Rd3 c4 18. Nxc4 Rc8 19. Qe5+ Qe7 20. Nd6+ Kd8 21. Qa5+ Rc7 22. Qxa6 Nd5 23. Qa8+ Rc8 24. Nxc8 Bxc8 25. exd5 Qg5+ 26. Kb1 Qxg2 27. dxc6+ Ke7 28. Nd5+ Qxd5 29. Rxd5 Be6 30. Qa3+ Kf6 31. Qxf8 Bxd5 32. Qd8+ Ke5 33. Re1+ Kd4 34. Rd1+ 1-0